00697nam a2200193 a 450000100100000000500170001000800410002702000150006804000250008324500770010826000320018530000210021750400270023870000360026571000710030104900090037295201050038199900170048600003438520200930073654.0111004s2006 es 000 0 spa d a9586711021 aDO-SdBNPbspacBNPHU00aEl espacio iberoamericano del libro /cedición Calos Sánchez Lozano. aEspaña :bCERLALC,c2006. a253 p. ;c25 cm. aBibliografía 251-2531 aSánchez Lozano, Carlos9598041 aCentro Regional para el Fomento del Libro en America Latina959805 aBNPD 001050718MOaGRbGRcCTd2011-10-04iLF1l0o p34385-10r2020-06-25w2020-06-25y1ZNo se presta c33876d33876